| 000 | 00875nam0a22002771 4500 | ||
|---|---|---|---|
| 001 | rc\2631315 | ||
| 005 | 20250623145718.0 | ||
| 035 | _a(NLR Aleph) 006794752 | ||
| 090 |
_a6181190 _c6181190 |
||
| 100 | _a20110914d1931 |||y0rusy50 ca | ||
| 101 | 0 | _arus | |
| 102 | _aRU | ||
| 105 | _aa z ||||| | ||
| 200 | 1 |
_aОтгадай _eГоловоломки _fОльгар, Е. Паин |
|
| 210 |
_aМосква _aЛенинград _cМол. гвардия _d1931 _eЛенинград _gтип. изд-ва "Мол. гвардия" |
||
| 215 |
_a62, [2] с. _cил. _d19х14 см. |
||
| 225 | 1 | _aВ помощь юнсекции клуба | |
| 300 | _aПредисловие: Е. К. | ||
| 700 | 1 | _aОльгар | |
| 701 | 1 |
_aПаин _bЕ. |
|
| 801 | 0 |
_aRU _bNLR _gpsbo |
|
| 801 | 1 |
_aRU _bELAR _2rusmarc |
|
| 852 |
_aNLR _j31-8/846 |
||
| 942 | _cBOOK | ||
| 980 | _aNB | ||